000 00324nam a2200121Ia 4500
008 190723s9999 xx 000 0 und d
020 _a978-969-407-408-5
100 _aWajih-uddin Siddiqui
245 0 _aRenaissance and Reformation of Islamic Society
260 _aKarachi
_bRoyal Book
_c2013
300 _a231
942 _cBK
999 _c1259
_d1259